[Event "Kragero Resort Chess A 2019"]
[Site "Kragero"]
[Date "2019.02.23"]
[Round "7.6"]
[White "Malakhatko, Vadim"]
[Black "Vestby-Ellingsen, Mads"]
[Result "1-0"]
[WhiteElo "2525"]
[BlackElo "2343"]
[Annotator "TA"]
[PlyCount "81"]
[EventDate "2019.02.20"]
[EventType "swiss"]
[EventCountry "NOR"]
[SourceTitle "playchess.com"]
[Source "ChessBase"]
[SourceQuality "1"]

{[%evp 9,81,15,17,0,0,0,-10,0,2,0,1,3,20,24,35,25,31,-17,-15,-31,13,21,22,18,18,8,17,-32,-39,-98,-57,-85,-20,-53,-25,-31,-18,-19,-22,-24,0,-8,0,0,0,0,0,0,11,0,264,284,782,757,1082,1102,1079,1072,1341,1341,1323,1318,1303,1296,2489,1308,1332,1304,1241,1282,1554,1535,29984,29985]} 1. c4 e5 2. e3 Nf6 3. a3 g6 4. Nc3 (4. b4 d5 5. cxd5 Nxd5 6. Bb2 Bg7 7. Nf3 Qe7 8. Be2 O-O 9. O-O a5 10. Nc3 Nb6 11. Na4 {½-½ (29) Markowski,T (2551)-Navara,D (2740) Czech Republic 2018}) 4... Bg7 5. Nf3 d6 6. d3 {A20: English Opening: 1...e5} O-O 7. Be2 Re8 8. O-O {The position is equal.} c6 9. d4 $146 ({Predecessor:} 9. Bd2 Na6 10. b4 Nc7 11. Rc1 d5 12. cxd5 Nfxd5 {1-0 (45) Rogers,I (2535)-Brenninkmeijer,J (2390) Groningen 1988}) 9... Nbd7 {[%cal Bb8d7,Bd7f8,Bf8h7][%mdl 32]} 10. b4 e4 11. Nd2 $1 Nf8 12. Rb1 h5 13. Nb3 N8h7 14. Bb2 h4 15. d5 h3 16. g3 Ng5 17. dxc6 bxc6 18. c5 dxc5 $1 19. bxc5 ({Better is} 19. Nxc5 $15 Qxd1 20. Bxd1 (20. Rbxd1 Bg4 $17)) 19... Qe7 20. Nd4 Qxc5 (20... Qc7 $17) 21. Rc1 Qd6 22. Na4 Bd7 23. Nc5 Rab8 24. Ba1 $1 Rb6 25. a4 (25. Na4 $5 {[%cal Ra4b6]}) 25... Rc8 26. a5 Rbb8 $1 27. Qc2 Nd5 28. Rfd1 Bf5 29. Kh1 Nb4 $2 {[%mdl 8192]} (29... Bd7 $11 {and Black has nothing to worry.}) 30. Nxf5 $18 {[%mdl 64] [#] Discovered Attack} Qc7 $2 (30... gxf5 31. Rxd6 Nxc2 32. Bxg7 (32. Rxc2 Rb1+ 33. Rd1 Rxd1+ 34. Bxd1 Bxa1 $15) 32... Kxg7) 31. Qa4 ({Don't go for} 31. Nxg7 $2 Nxc2 32. Rxc2 Rd8 $19) 31... Bxa1 32. Qxa1 {[%csl Gf5][%cal Ra1g7]} gxf5 33. Rd7 {[%mdl 64] Trapped Piece} Qd8 34. Rxd8+ Rxd8 35. Qf6 {[%mdl 64] [#] Double Attack} Nh7 36. Qxf5 {[%mdl 64] Double Attack} Na2 37. Rf1 Rd5 38. Qf4 Rb4 39. Nxe4 Rxa5 40. Qc7 {[%mdl 64] Double Attack} Rf5 41. Qc8+ {[%mdl 64] Double Attack. Accuracy: White = 59%, Black = 40%.} 1-0

[Event "Kragero Resort Chess A 2019"]
[Site "Kragero"]
[Date "2019.02.23"]
[Round "7.7"]
[White "Kaasen, Tor Fredrik"]
[Black "Kjartansson, Gudmundur"]
[Result "0-1"]
[WhiteElo "2387"]
[BlackElo "2403"]
[Annotator "NA"]
[PlyCount "128"]
[EventDate "2019.02.20"]
[EventType "swiss"]
[EventCountry "NOR"]
[SourceTitle "playchess.com"]
[Source "ChessBase"]
[SourceQuality "1"]
[TimeControl "5400+30"]

1. c4 {[%emt 0:00:39]} e5 {[%emt 0:00:00]} 2. g3 {[%emt 0:00:50]} Nc6 {[%emt 0:00:00]} 3. Bg2 {[%emt 0:01:04]} Bc5 {[%emt 0:00:37]} 4. Nc3 {[%emt 0:00:38]} a6 {[%emt 0:00:13]} 5. Nf3 {[%emt 0:01:19]} d6 {[%emt 0:00:24]} 6. e3 {[%emt 0:02:16]} Ba7 {[%emt 0:00:43]} 7. O-O {[%emt 0:02:25]} Nge7 {[%emt 0:00:02]} 8. b3 {[%emt 0:00:34]} O-O {[%emt 0:01:10]} 9. Bb2 {[%emt 0:00:54]} Bg4 {[%emt 0:06:06]} 10. h3 {[%emt 0:03:30]} Bh5 {[%emt 0:00:09]} 11. g4 {[%emt 0:05:10]} Bg6 {[%emt 0:00:04]} 12. d4 {[%emt 0:00:14]} exd4 {[%emt 0:02:33]} 13. exd4 {[%emt 0:00:54]} h5 {[%emt 0:06:08]} 14. d5 {[%emt 0:03:51]} hxg4 {[%emt 0:01:27]} 15. hxg4 {[%emt 0:03:31]} Nb4 {[%emt 0:04:48]} 16. Ne1 {[%emt 0:05:55]} a5 {[%emt 0:00:20]} 17. a3 {[%emt 0:03:13]} Na6 {[%emt 0:00:06]} 18. Nd3 {[%emt 0:00:32]} Bxd3 {[%emt 0:03:26]} 19. Qxd3 {[%emt 0:00:15]} Ng6 {[%emt 0:00:11]} 20. Ne4 {[%emt 0:07:20]} Qh4 {[%emt 0:04:19]} 21. Qh3 {[%emt 0:03:39]} Qxh3 {[%emt 0:02:31]} 22. Bxh3 {[%emt 0:01:51]} Nf4 {[%emt 0:01:07]} 23. Bg2 {[%emt 0:05:41]} f5 {[%emt 0:02:51]} 24. gxf5 {[%emt 0:10:48]} Rxf5 {[%emt 0:00:19]} 25. Rae1 {[%emt 0:03:06]} Nc5 {[%emt 0:04:32]} 26. Ng3 {[%emt 0:07:13]} Rg5 {[%emt 0:01:23]} 27. Bc1 {[%emt 0:01:39]} Ncd3 {[%emt 0:03:07]} 28. Bxf4 {[%emt 0:03:34]} Nxf4 {[%emt 0:00:07]} 29. Re4 {[%emt 0:00:36]} Rf8 {[%emt 0:02:45]} 30. Kh2 {[%emt 0:00:49]} Rf6 {[%emt 0:02:04]} 31. Re8+ {[%emt 0:04:11]} Kf7 {[%emt 0:03:35]} 32. Rh8 {[%emt 0:00:59]} Bc5 {[%emt 0:13:24]} 33. Bh1 {[%emt 0:03:19]} Rgg6 {[%emt 0:01:35]} 34. Ne4 {[%emt 0:01:56]} Rh6+ {[%emt 0:00:41]} 35. Rxh6 {[%emt 0:00:03]} Rxh6+ {[%emt 0:00:05]} 36. Kg3 {[%emt 0:00:09]} Nh5+ {[%emt 0:13:37]} 37. Kf3 {[%emt 0:01:42]} Bxa3 {[%emt 0:00:15]} 38. Ng5+ {[%emt 0:00:24]} Kg8 {[%emt 0:03:16]} 39. Ne6 {[%emt 0:01:42]} c5 {[%emt 0:01:44]} 40. Ke2 {[%emt 0:02:30]} Bb2 {[%emt 0:01:01]} 41. Bf3 {[%emt 0:01:13]} Nf6 {[%emt 0:02:31]} 42. Rg1 {[%emt 0:00:42]} g6 {[%emt 0:00:40]} 43. Ke3 {[%emt 0:00:55]} Be5 {[%emt 0:01:37]} 44. Be2 {[%emt 0:01:04]} Kf7 {[%emt 0:01:00]} 45. f4 {[%emt 0:01:12]} Rh3+ {[%emt 0:01:53]} 46. Kd2 {[%emt 0:02:00]} Ne4+ {[%emt 0:00:37]} 47. Kd1 {[%emt 0:00:22]} Bf6 {[%emt 0:01:20]} 48. Rg2 {[%emt 0:01:31]} Rxb3 {[%emt 0:00:51]} 49. f5 {[%emt 0:00:37]} gxf5 {[%emt 0:05:43]} 50. Bh5+ {[%emt 0:00:36]} Ke7 {[%emt 0:00:05]} 51. Rg8 {[%emt 0:00:11]} Bc3 {[%emt 0:02:33]} 52. Rf8 {[%emt 0:00:23]} Rb1+ {[%emt 0:02:34]} 53. Ke2 {[%emt 0:01:56]} Ng3+ {[%emt 0:00:11]} 54. Kd3 {[%emt 0:00:01]} Nxh5 {[%emt 0:00:10]} 55. Kxc3 {[%emt 0:00:34]} Ng7 {[%emt 0:00:24]} 56. Rh8 {[%emt 0:00:02]} Nxe6 {[%emt 0:00:23]} 57. Rh7+ {[%emt 0:00:03]} Ng7 {[%emt 0:00:28]} 58. Rxg7+ {[%emt 0:00:05]} Kf6 {[%emt 0:00:08]} 59. Rh7 {[%emt 0:00:14]} Rb6 {[%emt 0:00:41]} 60. Rh8 {[%emt 0:00:25]} a4 {[%emt 0:00:16]} 61. Ra8 {[%emt 0:00:24]} Ra6 {[%emt 0:00:07]} 62. Rf8+ {[%emt 0:00:06]} Ke5 {[%emt 0:00:17]} 63. Kb2 {[%emt 0:00:05]} a3+ {[%emt 0:00:06]} 64. Ka2 {[%emt 0:00:01]} f4 {[%emt 0:01:00]} 0-1

[Event "Kragero Resort Chess A 2019"]
[Site "Kragero"]
[Date "2019.02.23"]
[Round "7.8"]
[White "Osmak, Iulija"]
[Black "Khachatryan, Vahagn"]
[Result "1/2-1/2"]
[WhiteElo "2394"]
[BlackElo "2274"]
[Annotator "NA"]
[PlyCount "49"]
[EventDate "2019.02.20"]
[EventType "swiss"]
[EventCountry "NOR"]
[SourceTitle "playchess.com"]
[Source "ChessBase"]
[SourceQuality "1"]
[TimeControl "5400+30"]

1. e4 {[%emt 0:01:15]} e5 {[%emt 0:00:00]} 2. Nf3 {[%emt 0:00:11]} Nf6 {[%emt 0:00:00]} 3. Nc3 {[%emt 0:01:01]} Nc6 {[%emt 0:00:34]} 4. d4 {[%emt 0:00:09]} exd4 {[%emt 0:00:26]} 5. Nxd4 {[%emt 0:00:04]} Bb4 {[%emt 0:00:58]} 6. Nxc6 {[%emt 0:00:14]} bxc6 {[%emt 0:00:02]} 7. Bd3 {[%emt 0:00:06]} d5 {[%emt 0:01:21]} 8. exd5 {[%emt 0:00:33]} cxd5 {[%emt 0:00:49]} 9. O-O {[%emt 0:00:11]} O-O {[%emt 0:00:02]} 10. h3 {[%emt 0:00:17]} c6 {[%emt 0:02:48]} 11. Qf3 {[%emt 0:00:28]} a5 {[%emt 0:02:09]} 12. Bg5 {[%emt 0:06:02]} Ba6 {[%emt 0:10:44]} 13. Rad1 {[%emt 0:11:26]} Bxd3 {[%emt 0:07:02]} 14. Rxd3 {[%emt 0:10:52]} Be7 {[%emt 0:03:54]} 15. Ne2 {[%emt 0:01:53]} Ne4 {[%emt 0:04:18]} 16. Bxe7 {[%emt 0:01:34]} Qxe7 {[%emt 0:00:02]} 17. Nd4 {[%emt 0:02:34]} Rfe8 {[%emt 0:05:01]} 18. Rfd1 {[%emt 0:08:22]} a4 {[%emt 0:05:37]} 19. c4 {[%emt 0:12:24]} dxc4 {[%emt 0:06:49]} 20. Nxc6 {[%emt 0:03:17]} Qe6 {[%emt 0:19:03]} 21. Rd7 {[%emt 0:07:27]} a3 {[%emt 0:03:37]} 22. bxa3 {[%emt 0:20:01]} c3 {[%emt 0:00:01]} 23. Nd8 {[%emt 0:00:03]} Qf6 {[%emt 0:00:01]} 24. Nxf7 {[%emt 0:00:03]} c2 {[%emt 0:00:03]} 25. Rc1 1/2-1/2

[Event "Kragero Resort Chess A 2019"]
[Site "Kragero"]
[Date "2019.02.23"]
[Round "7.9"]
[White "Castellanos Rodriguez, Renier"]
[Black "Miedema, David"]
[Result "1-0"]
[WhiteElo "2505"]
[BlackElo "2356"]
[Annotator "TA"]
[PlyCount "83"]
[EventDate "2019.02.20"]
[EventType "swiss"]
[EventCountry "NOR"]
[SourceTitle "playchess.com"]
[Source "ChessBase"]
[SourceQuality "1"]

{[%evp 13,83,46,47,50,54,59,86,78,82,70,115,100,108,122,121,106,112,131,112,133,111,108,125,125,177,148,158,59,55,55,56,68,58,41,47,0,45,46,64,0,240,216,233,262,259,217,217,215,517,505,871,371,385,382,367,361,331,299,777,762,769,759,1110,1110,1086,1041,1243,930,1915,1816,29969,11597]} 1. c4 Nf6 2. Nc3 g6 3. e4 d6 4. d4 Bg7 5. h3 O-O 6. Be3 e5 7. d5 a5 8. g4 {E71: King's Indian: 4 e4 d6 5 h3} Na6 9. Nge2 Ne8 (9... Nd7 10. Qd2 Ndc5 11. Ng3 c6 12. Be2 cxd5 13. cxd5 a4 14. h4 Bd7 15. h5 Rc8 {0-1 (39) Caruana,F (2832)-Nakamura,H (2746) London 2018}) 10. Qd2 {White is better.} Bf6 $146 ({Predecessor:} 10... Nc5 11. Ng3 c6 12. dxc6 Ne6 13. cxb7 Bxb7 14. Nd5 Bxd5 15. cxd5 Nd4 {1-0 (29) Thoma,R (2245)-Eiler,G (2000) Austria 1994}) 11. Bg2 c6 12. O-O Nac7 13. f4 exf4 14. Rxf4 Bg5 15. Rf2 Bxe3 16. Qxe3 Qe7 17. Raf1 cxd5 18. cxd5 b5 (18... Bd7 $16) 19. Nd4 $18 {aiming for Nc6.} Bd7 20. Qh6 (20. e5 $1 $16 {[%cal Re5e6]} dxe5 21. Ne6 $1 {[%mdl 512]} Bxe6 22. dxe6 {[%mdl 64] Discovered Attack} Qxe6 23. Bxa8 Nxa8 24. Ne4 (24. Nxb5 Nec7 $16)) 20... b4 $1 $14 {[%cal Rb4c3]} 21. Nce2 Nb5 $1 22. Nf3 $40 {[%mdl 128] White mounts an attack.} Rc8 23. Ng3 (23. Nf4 {with more complications.} f6 24. Re1 Nec7 25. Bf1 Rf7 26. Bd3) 23... f6 24. Qd2 Ng7 25. Ne2 Rc4 26. Ng3 (26. Nfd4 $14) 26... Nc7 $2 {[#]} (26... Rcc8 $11 {and Black stays safe.}) 27. e5 $1 $18 {[%mdl 512]} f5 (27... dxe5 28. d6) 28. Qh6 {Threatens to win with exd6.} Nge8 29. e6 Bb5 30. gxf5 Rf6 $2 (30... Qg7 {is a better chance.} 31. Qxg7+ Kxg7) 31. Nd2 Rd4 {[#]} (31... Qg7 $142 32. Qxg7+ Kxg7 33. Nxc4 Bxc4) 32. Rc1 (32. fxg6 $142 $1 {[%mdl 512]} Qg7 (32... Rxg6 33. Rf8+) 33. Qxg7+ Kxg7 34. Nh5+ {[%mdl 64] Double Attack} Kxg6 35. Nxf6 Bxf1 36. Nxe8 (36. Bxf1 Nxf6 37. Nf3 Rf4 $14) 36... Nxe8 37. Kxf1) 32... Nxd5 {intending ...gxf5.} 33. Nde4 Rf8 34. fxg6 {Rxf8+ would kill now.} Rxf2 35. Nxf2 {And now Nf5 would win.} Rh4 $2 (35... hxg6 36. Bf1 Ba4) 36. gxh7+ Kh8 37. Qg6 {[%csl Gh7][%cal Rg6g8]} Ndf6 38. Nf5 {[%mdl 64] Double Attack} Qxh7 39. Nxh4 Qxh4 40. Ng4 {Nh6 is the strong threat.} Nxg4 41. hxg4 Qe7 42. Qh5+ {[%mdl 64] Double Attack. Accuracy: White = 67%, Black = 47%.} 1-0

[Event "Kragero Resort Chess A 2019"]
[Site "Kragero"]
[Date "2019.02.23"]
[Round "7.10"]
[White "Sgircea, Silvia-Raluca"]
[Black "Hauge, Lars Oskar"]
[Result "0-1"]
[WhiteElo "2251"]
[BlackElo "2476"]
[Annotator "ChessBase"]
[PlyCount "104"]
[EventDate "2019.02.20"]
[EventType "swiss"]
[EventCountry "NOR"]
[SourceTitle "playchess.com"]
[Source "ChessBase"]
[SourceQuality "1"]
[TimeControl "5400+30"]

1. Nf3 {[%emt 0:00:39]} f5 {[%emt 0:00:00]} 2. c4 {[%emt 0:01:34]} Nf6 {[%emt 0:00:00]} 3. g3 {[%emt 0:00:05]} g6 {[%emt 0:00:02]} 4. Bg2 {[%emt 0:00:04]} Bg7 {[%emt 0:00:04]} 5. O-O {[%emt 0:00:07]} O-O {[%emt 0:00:04]} 6. d4 {[%emt 0:00:45]} e6 {[%emt 0:00:26]} 7. b3 {[%emt 0:02:11]} d6 {[%emt 0:00:38]} 8. Bb2 {[%emt 0:00:46]} Qe7 {[%emt 0:01:29]} 9. Qc2 {[%emt 0:01:17]} Nc6 {[%emt 0:00:26]} 10. Nc3 {[%emt 0:04:13]} Kh8 {[%emt 0:04:06]} 11. Rad1 {[%emt 0:01:44]} Bd7 {[%emt 0:01:29]} 12. a3 {[%emt 0:05:42]} Nd8 {[%emt 0:04:45]} 13. b4 {[%emt 0:19:40]} Nf7 {[%emt 0:00:09]} 14. Nd2 {[%emt 0:01:02]} Rab8 {[%emt 0:01:01]} 15. e4 {[%emt 0:01:13]} f4 {[%emt 0:00:23]} 16. gxf4 {[%emt 0:01:47]} Nh5 {[%emt 0:00:25]} 17. Ne2 {[%emt 0:01:10]} Nh6 {[%emt 0:00:16]} 18. e5 {[%emt 0:11:38]} Nxf4 {[%emt 0:00:32]} 19. Nxf4 {[%emt 0:00:05]} Rxf4 {[%emt 0:00:05]} 20. exd6 {[%emt 0:01:35]} cxd6 {[%emt 0:00:21]} 21. Ne4 {[%emt 0:00:52]} Rbf8 {[%emt 0:02:24]} 22. Bc1 {[%emt 0:01:29]} R4f5 {[%emt 0:00:38]} 23. Ng3 {[%emt 0:03:42]} R5f7 {[%emt 0:01:03]} 24. Qe4 {[%emt 0:04:55]} b6 {[%emt 0:01:09]} 25. b5 {[%emt 0:09:12]} Rc8 {[%emt 0:00:57]} 26. Qe2 {[%emt 0:00:38]} Qh4 {[%emt 0:00:13]} 27. Qe4 {[%emt 0:01:47]} Qd8 {[%emt 0:00:42]} 28. Qe2 {[%emt 0:00:12]} Qc7 {[%emt 0:00:20]} 29. Ne4 {[%emt 0:00:16]} Nf5 {[%emt 0:00:23]} 30. d5 {[%emt 0:06:22]} e5 {[%emt 0:00:59]} 31. Ng5 {[%emt 0:00:09]} Rf6 {[%emt 0:00:09]} 32. Ne6 {[%emt 0:00:32]} Bxe6 {[%emt 0:01:46]} 33. dxe6 {[%emt 0:00:01]} Rxe6 {[%emt 0:00:08]} 34. Bd5 {[%emt 0:00:37]} Rf6 {[%emt 0:00:23]} 35. Bg5 {[%emt 0:00:58]} Rff8 {[%emt 0:00:07]} 36. Qd3 {[%emt 0:03:16]} Nd4 {[%emt 0:00:52]} 37. Be3 {[%emt 0:01:13]} Nf5 {[%emt 0:01:13]} 38. a4 {[%emt 0:00:28]} Qd7 {[%emt 0:01:07]} 39. f3 {[%emt 0:04:26]} Nd4 {[%emt 0:01:47]} 40. Bxd4 {[%emt 0:01:51]} exd4 {[%emt 0:00:12]} 41. f4 {[%emt 0:00:06]} Qg4+ {[%emt 0:01:45]} 42. Qg3 {[%emt 0:00:57]} Rxf4 {[%emt 0:00:19]} 43. Rxf4 {[%emt 0:02:02]} Qxd1+ {[%emt 0:00:13]} 44. Rf1 {[%emt 0:00:02]} Qe2 {[%emt 0:01:11]} 45. Qxd6 {[%emt 0:01:23]} d3 {[%emt 0:01:13]} 46. Bf3 {[%emt 0:02:55]} Qe3+ {[%emt 0:00:09]} 47. Kh1 {[%emt 0:00:07]} Rf8 {[%emt 0:00:19]} 48. Kg2 {[%emt 0:01:04]} d2 {[%emt 0:01:32]} 49. Qd5 {[%emt 0:00:45]} h5 {[%emt 0:00:44]} 50. Rd1 {[%emt 0:01:19]} Bd4 {[%emt 0:00:08]} 51. Rf1 {[%emt 0:00:56]} Be5 {[%emt 0:00:23]} 52. Rd1 {[%emt 0:00:53]} Qg5+ {[%emt 0:00:40]} 0-1

[Event "Kragero Resort Chess A 2019"]
[Site "Kragero"]
[Date "2019.02.23"]
[Round "7.11"]
[White "Ingebretsen, Jens E"]
[Black "Thorfinnsson, Bragi"]
[Result "0-1"]
[WhiteElo "2297"]
[BlackElo "2438"]
[Annotator "NA"]
[PlyCount "72"]
[EventDate "2019.02.20"]
[EventType "swiss"]
[EventCountry "NOR"]
[SourceTitle "playchess.com"]
[Source "ChessBase"]
[SourceQuality "1"]
[TimeControl "5400+30"]

1. c4 {[%emt 0:00:00]} b6 {[%emt 0:05:23]} 2. e4 {[%emt 0:00:10]} Bb7 {[%emt 0:00:50]} 3. Nc3 {[%emt 0:00:08]} e6 {[%emt 0:00:42]} 4. d4 {[%emt 0:00:44]} Bb4 {[%emt 0:00:30]} 5. Bd3 {[%emt 0:00:40]} f5 {[%emt 0:09:25]} 6. d5 {[%emt 0:03:07]} fxe4 {[%emt 0:10:21]} 7. Bxe4 {[%emt 0:02:38]} Qh4 {[%emt 0:00:34]} 8. Qe2 {[%emt 0:01:54]} Nf6 {[%emt 0:00:38]} 9. Bf3 {[%emt 0:09:58]} O-O {[%emt 0:01:28]} 10. dxe6 {[%emt 0:03:43]} Nc6 {[%emt 0:02:22]} 11. Be3 {[%emt 0:01:04]} Ne4 {[%emt 0:08:40]} 12. Rc1 {[%emt 0:16:28]} Ne5 {[%emt 0:04:20]} 13. Bd4 {[%emt 0:02:14]} Qf4 {[%emt 0:09:12]} 14. Rc2 {[%emt 0:03:17]} c5 {[%emt 0:07:44]} 15. Bxe5 {[%emt 0:11:49]} Qxe5 {[%emt 0:00:07]} 16. Bxe4 {[%emt 0:00:09]} Qxe4 {[%emt 0:01:00]} 17. f3 {[%emt 0:01:37]} Qh4+ {[%emt 0:03:48]} 18. Qf2 {[%emt 0:02:57]} Qxc4 {[%emt 0:00:37]} 19. exd7 {[%emt 0:00:18]} Qe6+ {[%emt 0:03:36]} 20. Nge2 {[%emt 0:01:08]} c4 {[%emt 0:02:19]} 21. Qh4 {[%emt 0:01:38]} Be7 {[%emt 0:03:19]} 22. Qg3 {[%emt 0:02:30]} Bc5 {[%emt 0:00:59]} 23. Rd2 {[%emt 0:01:57]} Rad8 {[%emt 0:00:31]} 24. h4 {[%emt 0:02:12]} Be3 {[%emt 0:03:01]} 25. Rd6 {[%emt 0:04:07]} Qe7 {[%emt 0:00:27]} 26. Rd1 {[%emt 0:03:26]} Rxd7 {[%emt 0:01:08]} 27. Qg4 {[%emt 0:01:00]} Rxd1+ {[%emt 0:02:04]} 28. Nxd1 {[%emt 0:00:09]} Bf4 {[%emt 0:02:40]} 29. Kf1 {[%emt 0:01:30]} Bc8 {[%emt 0:02:58]} 30. Qh5 {[%emt 0:00:06]} Rf5 {[%emt 0:01:13]} 31. Qg4 {[%emt 0:00:18]} Rf8 {[%emt 0:01:40]} 32. Qh5 {[%emt 0:00:08]} Rf5 {[%emt 0:01:06]} 33. Qg4 {[%emt 0:01:05]} Qd6 {[%emt 0:00:18]} 34. Ndc3 {[%emt 0:00:56]} h5 {[%emt 0:00:27]} 35. Qh3 {[%emt 0:01:05]} Rf8 {[%emt 0:00:17]} 36. Ne4 {[%emt 0:01:01]} Qd3 {[%emt 0:01:09]} 0-1

[Event "Kragero Resort Chess A 2019"]
[Site "Kragero"]
[Date "2019.02.23"]
[Round "7.12"]
[White "Mikalsen, Erlend"]
[Black "Ranaldi, Lucas"]
[Result "1-0"]
[WhiteElo "2406"]
[BlackElo "2229"]
[Annotator "NA"]
[PlyCount "117"]
[EventDate "2019.02.20"]
[EventType "swiss"]
[EventCountry "NOR"]
[SourceTitle "playchess.com"]
[Source "ChessBase"]
[SourceQuality "1"]
[TimeControl "5400+30"]

1. e4 {[%emt 0:00:00]} c6 {[%emt 0:00:03]} 2. d4 {[%emt 0:00:00]} d5 {[%emt 0:00:12]} 3. Nc3 {[%emt 0:00:00]} dxe4 {[%emt 0:00:14]} 4. Nxe4 {[%emt 0:00:00]} Bf5 {[%emt 0:00:37]} 5. Ng3 {[%emt 0:00:00]} Bg6 {[%emt 0:00:05]} 6. h4 {[%emt 0:00:00]} h6 {[%emt 0:00:05]} 7. Nf3 {[%emt 0:00:01]} Nd7 {[%emt 0:00:06]} 8. h5 {[%emt 0:00:03]} Bh7 {[%emt 0:00:04]} 9. Bd3 {[%emt 0:00:02]} Bxd3 {[%emt 0:00:07]} 10. Qxd3 {[%emt 0:00:03]} e6 {[%emt 0:00:09]} 11. Bd2 {[%emt 0:00:03]} Ngf6 {[%emt 0:00:06]} 12. O-O-O {[%emt 0:00:05]} Be7 {[%emt 0:00:08]} 13. Ne4 {[%emt 0:00:08]} Nxe4 {[%emt 0:00:04]} 14. Qxe4 {[%emt 0:00:03]} Nf6 {[%emt 0:00:09]} 15. Qe2 {[%emt 0:00:02]} Qd5 {[%emt 0:00:06]} 16. Kb1 {[%emt 0:00:04]} O-O {[%emt 0:00:09]} 17. Ne5 {[%emt 0:00:09]} Qe4 {[%emt 0:00:04]} 18. Qxe4 {[%emt 0:00:22]} Nxe4 {[%emt 0:00:02]} 19. Be3 {[%emt 0:00:06]} Rfd8 {[%emt 0:00:06]} 20. Nd3 {[%emt 0:10:05]} Nf6 {[%emt 0:00:04]} 21. f3 {[%emt 0:01:41]} b5 {[%emt 0:02:23]} 22. c3 {[%emt 0:04:50]} Rac8 {[%emt 0:05:19]} 23. g4 {[%emt 0:00:12]} a6 {[%emt 0:02:06]} 24. Ne5 {[%emt 0:08:23]} Nd7 {[%emt 0:10:11]} 25. Kc2 {[%emt 0:05:26]} Nxe5 {[%emt 0:10:14]} 26. dxe5 {[%emt 0:00:07]} Rd5 {[%emt 0:00:12]} 27. Rxd5 {[%emt 0:01:16]} cxd5 {[%emt 0:00:28]} 28. Kd3 {[%emt 0:00:50]} f6 {[%emt 0:08:22]} 29. exf6 {[%emt 0:02:47]} Bxf6 {[%emt 0:00:11]} 30. f4 {[%emt 0:00:54]} Rf8 {[%emt 0:10:09]} 31. g5 {[%emt 0:04:56]} Be7 {[%emt 0:00:51]} 32. gxh6 {[%emt 0:05:33]} gxh6 {[%emt 0:00:08]} 33. Rg1+ {[%emt 0:01:12]} Kh7 {[%emt 0:00:56]} 34. Rg6 {[%emt 0:06:46]} Rf6 {[%emt 0:01:08]} 35. Rxf6 {[%emt 0:00:05]} Bxf6 {[%emt 0:00:08]} 36. Bd4 {[%emt 0:00:09]} Kg7 {[%emt 0:00:57]} 37. Be5 {[%emt 0:00:10]} Kf7 {[%emt 0:01:18]} 38. Kd4 {[%emt 0:00:36]} Be7 {[%emt 0:01:00]} 39. f5 {[%emt 0:04:17]} b4 {[%emt 0:11:45]} 40. fxe6+ {[%emt 0:05:02]} Kxe6 {[%emt 0:00:12]} 41. Bg7 {[%emt 0:00:09]} bxc3 {[%emt 0:00:31]} 42. bxc3 {[%emt 0:00:30]} Bg5 {[%emt 0:01:59]} 43. Kc5 {[%emt 0:00:07]} Be3+ {[%emt 0:14:18]} 44. Bd4 {[%emt 0:00:56]} Bf4 {[%emt 0:01:20]} 45. Kb6 {[%emt 0:02:28]} Kd6 {[%emt 0:05:13]} 46. Kxa6 {[%emt 0:00:19]} Kc6 {[%emt 0:00:08]} 47. Ka5 {[%emt 0:00:11]} Bc7+ {[%emt 0:00:26]} 48. Kb4 {[%emt 0:00:25]} Bd6+ {[%emt 0:00:26]} 49. Kb3 {[%emt 0:00:03]} Bf4 {[%emt 0:02:52]} 50. Kc2 {[%emt 0:00:43]} Kb5 {[%emt 0:00:49]} 51. Kd3 {[%emt 0:00:05]} Bd6 {[%emt 0:02:11]} 52. Ke3 {[%emt 0:01:59]} Be7 {[%emt 0:02:59]} 53. Kf4 {[%emt 0:00:20]} Kc4 {[%emt 0:00:23]} 54. Ke5 {[%emt 0:00:42]} Ba3 {[%emt 0:03:43]} 55. Ke6 {[%emt 0:00:45]} Bc1 {[%emt 0:02:42]} 56. Kd6 {[%emt 0:01:12]} Bg5 {[%emt 0:01:38]} 57. Kc6 {[%emt 0:01:00]} Bd8 {[%emt 0:00:21]} 58. a4 {[%emt 0:01:12]} Ba5 {[%emt 0:00:13]} 59. Bf6 {[%emt 0:00:12]} 1-0